000
00229 a2200097 4500
001
14876
100
_a
Hill C
245
_a
Lenin and the Russian revolution
260
_a
London
_b
Hodder & Stoughton ltd
_c
090
_c
11645
_d
11645
942
_a
NUST-CAE
_c
M
_c
1831
999
_c
249949
_d
249949